000 00557nam a2200205Ia 4500
005 20250508154436.0
008 008 250505s9999 xx 000 0 eng d
037 _aReference
040 _aFEDL
_beng
_cFEDL
041 _aeng
_2eng
084 _a371.7306, SAI
_qFEDL
100 _aSaiyidain K G
245 0 _aNational service scheme : A report
245 0 _cGovernment of India. Education (Ministry of...)
260 _c1961
300 _a104p.
365 _aINR
_b4.8
942 _cREF
_h371.7306, SAI
999 _c1350259
_d1350259